|
|
|
|
| LEADER |
00000nam0a2200000 4500 |
| 001 |
675099 |
| 005 |
20241002134300.0 |
| 090 |
|
|
|a 675099
|
| 100 |
|
|
|a 20241002d1979 m||y0rusy50 ca
|
| 101 |
1 |
|
|a rus
|c eng
|
| 102 |
|
|
|a RU
|
| 105 |
|
|
|a a z 001yy
|
| 181 |
|
0 |
|a i
|b e
|
| 182 |
|
0 |
|a n
|
| 183 |
|
0 |
|a nc
|2 RDAcarrier
|
| 200 |
1 |
|
|a Атомы сегодня и завтра
|e пер. с англ.
|f Джон Гарднер
|
| 203 |
|
|
|a Текст
|b визуальный
|c непосредственный
|
| 210 |
|
|
|a Москва
|c Знание
|d 1979
|
| 215 |
|
|
|a 142 с.
|c ил.
|
| 283 |
|
|
|a volume
|2 RDAcarrier
|
| 320 |
|
|
|a Предметный указатель: с. 137-140
|
| 606 |
1 |
|
|a Атомная энергия
|x Использование в мирных целях
|9 52957
|
| 610 |
1 |
|
|a атомы
|
| 610 |
1 |
|
|a расщепление
|
| 610 |
1 |
|
|a использование
|
| 610 |
1 |
|
|a история
|
| 610 |
1 |
|
|a ядерная энергия
|
| 610 |
1 |
|
|a высвобождение
|
| 610 |
1 |
|
|a популярная литература
|
| 675 |
|
|
|a 621.039.9
|v 4
|
| 700 |
|
1 |
|a Гарднер
|b Дж.
|g Джон
|
| 801 |
|
0 |
|a RU
|b 63413507
|c 20241002
|
| 830 |
|
|
|a Ретро2024Каталогизация Шило
|
| 850 |
|
|
|a 63413507
|
| 942 |
|
|
|c BK
|